Towards a General Law of Contract.

Saved in:
Bibliografiske detaljer
Andre forfattere: Barton, John (Editor)
Format: Bog
Sprog:engelsk
Udgivet: Berlin, Germany: Duncker & Humblot, 1990.
Serier:Comparative Studies in Continental and Anglo-American Legal History,
Fag:
Tags: Tilføj Tag
Ingen Tags, Vær først til at tagge denne postø!

MARC

LEADER 00000nam a22000007a 4500
003 CL-VaPUC
005 20220822114759.0
008 220802t1990 ||||| |||| 00| 0 eng d
999 |c 437846  |d 437844 
020 |a 3-428-06809-2 
040 |c Pontificia Universidad Católica de Valparaíso 
082 |2 22  |a 346.022 BAR 1990 
100 |9 874567  |a Barton, John   |e editor 
245 |a Towards a General Law of Contract.  
260 |a Berlin, Germany:   |b Duncker & Humblot,   |c 1990.  
300 |a 465 páginas.  
490 |a Comparative Studies in Continental and Anglo-American Legal History,   |n  8. 
500 |a c.1 Donación Familia Prof. Alejandro Guzmán Brito. 
583 |c 20220802  |k Yessy Sthefany Diaz Vidal 
650 0 |9 255153  |a Contratos  |x Derecho privado  
650 0 |a Contratos   |x Consideraciones generales   |9 874568 
942 |2 ddc  |c BK  |n 0 
952 |0 0  |1 0  |2 ddc  |4 0  |6 346_022000000000000_BAR_1990  |7 0  |8 C_AGB  |9 585686  |a BIBDER  |b BIBDER  |d 2022-08-02  |e Donación   |i 5653598  |o 346.022 BAR 1990  |p 5653598  |r 2023-01-25  |t 1  |w 2022-08-02  |y BK_US  |k AGB